000 00401nam a22001337a 4500
999 _c514059
_d514059
008 201003b ||||| |||| 00| 0 eng d
100 _aRaja, D.
_918229
245 _aOppose the recent SC judgment on reservation
260 _aMainstream
300 _a58(10), 22 Feb,2020: p. 30-31
650 _aReservation, Employment
_918186
906 _aSCHEDULED CASTES AND SCHEDULED TRIBES
942 _cAR